00580nas a2200181 450000100100000000500170001000800410002704000250006804300090009311000400010224500090014226000980015130000250024931000160027436200320029050000590032299900170038100003747220250409122710.0120420c20079999dr ur1p dd 0 0spa d aDO-SdBNPbspacBNPHU anwdr1 aUniversidad Central del Este93722910aUCE. aSan Pedro de Macorís, República Dominicana :bUniversidad Central del Este, (UCE),c2007. av.- :bil. ;c29 cm. aDesconocido1 aAño 0, v. 1 (agosto 2007) acatalogación basada en : Año 0, v. 1 (agosto 2007) c36962d36962